Bomoh dan tahyul

Bibliographic Details
Main Author: Sabariah Abdullah
Corporate Authors: Siri, Title
Format: Book
Published: Selangor : Pustaka Cahaya Intelek , 2005
Series:Siri kebudayaan Melayu
Subjects:

MARC

LEADER 00000cam a2200000 7i4500
001 0000006508
005 20151222.0
008 070816
020 |a 9833065554 (set) 
020 |a 9833065597 
090 0 0 |a CUS   |b MAL 
100 0 |a Sabariah Abdullah 
245 1 0 |a Bomoh dan tahyul   |c Sabariah Abdullah 
260 |a Selangor :   |b Pustaka Cahaya Intelek ,   |c 2005 
440 0 |a Siri kebudayaan Melayu 
500 |a Children ages 10-12 years old (pink) 
650 0 |a Healers 
650 0 |a Spritual healing 
650 0 |a Traditional medicine 
710 0 |a Siri 
710 0 |a Title 
999 |a 0000911599   |b Book   |c Teenagers   |e Cawangan Bandar Tenggara 
999 |a 0000985057   |b Book   |c Children Collection   |e Cawangan Taman Sri Lambak 
999 |a 0000985058   |b Book   |c Children Collection   |e Perbadanan Perpustakaan Awam Johor 
999 |a 0000985059   |b Book   |c Children Collection   |e Cawangan Taman Universiti 
999 |a 0000985060   |b Book   |c Children Collection   |e Perbadanan Perpustakaan Awam Johor 
999 |a 0000985061   |b Book   |c Children Collection   |e Cawangan Sri Merlong